00597nam a2200181Ii 450000100060000000300090000600800410001504000330005604100080008908200190009710000330011624501240014926400490027330000120032233600260033433700280036033800270038819026CO-ViMGA241108s9999||||xx |||||||||||||| ||und|| aCO-ViMGAbspaerdacCO-ViMGA0 aspa04a333.31861 R27p1 aJuan Camilo Restrepo Salazar10aPolítica integral de tierras :bun viraje trascendental en la restitución y formalización de la propiedad agraria 1aBogotá, Colombia : Villegas Editores, 2011 avolumen atextbtxt2rdacontent aunmediatedbn2rdamedia avolumebnc2rdacarrier